000 01053nam a2200301 i 4500
003 EG-GICUC
005 20260127163532.0
008 260127s1908 fr ||||fr|||| 000 0 fre d
040 _aEG-GiCUC
_bfre
_cEG-GiCUC
_dEG-GiCUC
_erda
041 _afre
_hger
082 0 4 _221
_a341.81
_bZO . E
092 0 4 _221
099 _aLaw1 12 341.81 ZO . E 1908
100 1 _a Zohrab, Kircor
_eAuteur
245 1 0 _aDe L'empêchement, En Droit Ottoman, De Recevoir Par Succession Pour Cause De Divergence De Nationalité /
_cKircor Zohrab.
264 1 _aParis :
_bLibrairie Générale De Droit Et De Jurisprudence,
_c1908.
300 _a113 pages ;
_c24 cm
_billustration ;
336 _2rda content
_atext
337 _2rda media
_aComputer
338 _2rda carrier
_aOnline Resource
504 _aBibliography: pages 200-250. 240-220
546 _aTexte en français
650 1 4 _aNationalité
_2qrmak
_xDroit international
651 1 _2qrmak
856 4 0 _uhttps://fll.law.cu.edu.eg/fulltext/bks/B12-02345.pdf
905 _a79
942 _2ddc
_cBK
_e21
_n0
999 _c59686
_d59686